00469nam a2200169Ia 4500008004100000020001000041040001900051041001200070082002800082100002000110245004300130260004500173300002400218504002600242650002100268850001000289131103s9999 xx 000 0 und d cRs.12 aLoreto College aEnglish a954.02/SINbLCLIB/19067 aSingh,Gulcharan 4aThe battle of PanipatcGulcharan Singh aNew DelhibArmy Educational Storesc1966 aix,116 p. c 22 cm. aIncludes bibliography aMedieval History aLCLIB